000
00340nam a2200145Ia 4500
008
230718s9999 xx 000 0 und d
041
_a
Eng.
082
_a
343.02
_b
MAH-S
100
_a
Mahmood M
245
0
_a
Specific relief act 1877
260
_a
Pakistan
_b
Al-Qanoon publication
_c
2014
300
_a
1567
650
_a
Law
999
_c
30617
_d
30617